000 01216nac a22002651u 4500
008 100913t xxu||||| |||| 00| 0 eng d
010 _a 98053580
020 _a0521642264
020 _a0521645328
082 0 0 _a331.89
_bIVE
100 _aIversen, Torben.
_918912
245 1 0 _aContested Economic Institutions :
_bThe Politics of Macroeconomics and Wage Bargaining in Advanced Democracies /
_cTorben Iversen.
260 _aNew York :
_bCambridge University Press,
_c1999.
300 _axvi, 221 p. :
_bill. ;
_c23 cm.
440 0 _aCambridge studies in comparative politics
_918913
504 _aIncludes bibliographical references (p. 193-213) and index.
650 0 _aCollective bargaining.
_918914
650 0 _aMonetary policy.
_918915
650 0 _aDemocracy.
_918916
650 0 _aMacroeconomics.
_918917
856 4 2 _3Publisher description
_uhttp://www.loc.gov/catdir/description/cam029/98053580.html
856 4 2 _3Table of contents
_uhttp://www.loc.gov/catdir/toc/cam026/98053580.html
942 _cBB
_k331.89IVE
_2ddc
999 _c2133
_d2133